| 000 | 00411nam a2200157Ia 4500 | ||
|---|---|---|---|
| 003 | GCL | ||
| 008 | 140319s9999 xx 000 0 ara d | ||
| 040 |
_aGCL / _cGCL |
||
| 082 | 0 | 4 |
_aد _b050 |
| 100 | 1 | _aمحمد سيد طنطاوى | |
| 245 | 1 | 0 |
_aرسالة الصيام (اقرا 531 ) / _cمحمد سيد طنطاوى |
| 300 | _a165 | ||
| 490 |
_aاقرأ _v0 |
||
| 650 | 0 | 4 | _aالصيام |
| 942 |
_2ddc _cBK |
||
| 999 |
_c48655 _d48655 |
||